Aakhir-E-Shab Ke Hamsafar (Record no. 16168)

MARC details
000 -LEADER
fixed length control field 00592nam a2200241 a 4500
020 ## - INTERNATIONAL STANDARD BOOK NUMBER
ISBN
082 00 - DEWEY DECIMAL CLASSIFICATION NUMBER
Classification number 891.4393
Author Cutter HAI1
100 ## - MAIN ENTRY--AUTHOR NAME
Author name Haider, Qurratul-Ain
245 ## - TITLE STATEMENT
Title Aakhir-E-Shab Ke Hamsafar
260 ## - PUBLICATION, DISTRIBUTION, ETC. (IMPRINT)
Place of publication Aligarh
Name of publisher Educational Book House
Year of publication 1998
300 ## - PHYSICAL DESCRIPTION
Number of Pages 351p
500 ## - GENERAL NOTE
General note includes index and biblioraphy
505 2# - FORMATTED CONTENTS NOTE
Formatted contents note Glossary
650 ## - SUBJECT ADDED ENTRY--TOPICAL TERM
Topical Term Urdu-Fiction
942 ## - ADDED ENTRY ELEMENTS (KOHA)
Koha item type Books
700 1# -
-- Haider, Qurratul-Ain
Holdings
Collection code Home library Current library Date acquired Cost, normal purchase price Full call number Accession Number Koha item type
  Henry Martyn Institute Library Henry Martyn Institute Library 05/31/2007 100.00 891.4393 HAI1 021103 Books
                   Copyright © 2026 | Henry Martyn Institute | Hyderabad | TS-500052 | INDIA | Implemented by hmi.edu.in
Hit-Count:

Powered by Koha